Nová technika - nové napätie z histórie efjednotky - sedemdesiate roky

Bibliographic Details
Format: Article
Language:Slovak
PhysicalDescription:Fotogr.
Subjects:

MARC

LEADER 00000nab a2200000 a 4500
001 vtls000729906
003 SK-MaSNL
005 20260303122122.0
008 180207c2000 xo 0 slo
015 |a SNBRB2000/08-21114 
035 |a CLN000082039 
040 |a SNKBUCL  |b slo  |c SNKBUCL  |e AACR2 
041 0 |a slo 
044 |a xo  |c SK 
080 |a 796.71  |2 UDC-MRF-SK2 
245 0 0 |a Nová technika - nové napätie  |b z histórie efjednotky - sedemdesiate roky 
300 |b Fotogr. 
650 0 7 |a automobilizmus  |2 snkbucl  |9 13242 
650 0 7 |a automobily F1  |2 snkbucl  |9 872140 
655 7 |a články z novín a časopisov  |2 snkbucl  |9 267496 
773 0 |t Šport  |g Roč. 54, č. 190 (17.8.2000), s. 28-29 
850 |a Slovenská národná knižnica v Martine 
852 |a SNK  |b KIS3GCP 
958 |a RBX 
999 |c 1919213  |d 1921143